|
|
|
|
| LEADER |
01221ncm a22003132a 4500 |
| 001 |
001102006 |
| 003 |
CZ BrMZK |
| 005 |
20110621133423.0 |
| 007 |
qu |
| 008 |
100616s1977 xr |||||||||||||||||cze d |
| 040 |
|
|
|a BOA001
|b cze
|
| 072 |
|
7 |
|a 784
|x Vokální hudba
|2 Konspekt
|9 9
|
| 100 |
1 |
|
|a Petřina, Ota,
|d 1949-2015
|7 jx20041111024
|4 cmp
|
| 245 |
1 |
0 |
|a Akce ženich se odkládá
|h [hudebnina] /
|c Otakar Petřina ; slova Z. Rytíř. Jsem jen tvůj sen / M. Panas, K. Munro ; český text I. Plicka ; upravil Václav Pokorný
|
| 250 |
|
|
|a 1. vyd.
|
| 260 |
|
|
|a Praha :
|b Supraphon,
|c 1977
|
| 300 |
|
|
|a 5 hlasů
|
| 490 |
1 |
|
|a Malý taneční soubor. Combo series ;
|v 250
|
| 700 |
1 |
|
|a Rytíř, Zdeněk,
|d 1944-2013
|7 jk01103428
|4 lyr
|
| 700 |
1 |
|
|a Panas, Mario,
|d 1926-
|7 mzk2011646224
|4 cmp
|
| 700 |
1 |
|
|a Munro, Klaus,
|d 1927-2013
|7 mzk2011646221
|4 cmp
|
| 700 |
1 |
|
|a Plicka, Ivo,
|d 1946-
|7 xx0064945
|4 lyr
|
| 700 |
1 |
|
|a Pokorný, Václav,
|d 1918-2011
|7 ola2002108019
|4 arr
|
| 740 |
0 |
2 |
|a Jsem jen tvůj sen
|
| 830 |
|
0 |
|a Malý taneční soubor.
|p Combo series
|
| 910 |
|
|
|a BOA001
|b Mus3-0786.027
|
| 990 |
|
|
|a MU
|
| 991 |
|
|
|b 201006
|
| 996 |
6 |
|
|b 2619457770
|c Mus3-0786.027
|l MZK
|r Sklad / do 1 hodiny
|n 0
|w 001128702
|u 000010
|a 1
|e BOA001
|j MZK50
|s P
|